000 00757nam a2200205 a 4500
003 0
005 20250421083523.0
008 970101s19uu xx 00 eng d
050 _aPGS TD 172
_b.Ar664 2004
100 _aArbis, Andrew Mitchell.
245 _aPerceptions of students on the effects of pollution to man and the environment /
_cAndrew Mitchell Arbis.
260 _aLas PiƱas City, Philippines :
_bSouthville International School and Colleges,
_c2004.
300 _a24 pages :
_billustrations ;
_c28 cm.
504 _aIncludes bibliographic references.
650 _aEnvironmental education.
650 _aPollution
_vEnvironmental aspects.
650 _aPollution
_vHealth aspects.
650 _aStudents
_vAttitudes.
942 _2lcc
_cPASS
999 _c96951
_d96951